Reglamento de policía y conservación de carreteras y disposiciones complementarias / Ministerio de Fomento. Dirección General de Obras Públicas
Descripción Física:
43 p. ; 20 cm
MARC
| LEADER | 00000nam a2200000Ia 4500 | ||
|---|---|---|---|
| 001 | 11937 | ||
| 008 | 160829s1915 xx 000 0 cat d | ||
| 080 | |a RF-8-38 | ||
| 110 | 1 | |a Espanya. |b Dirección General de Obras Públicas |9 55082 | |
| 245 | |a Reglamento de policía y conservación de carreteras y disposiciones complementarias / Ministerio de Fomento. Dirección General de Obras Públicas | ||
| 250 | |a Ed. oficial | ||
| 260 | |a Madrid : |b (Imp. R. Velasco), |c 1915 | ||
| 300 | |a 43 p. ; |c 20 cm | ||
| 590 | |a Prové de OPP-3724 | ||
| 650 | 0 | |a Carreteres |x Catalunya |x Manteniment i reparació |9 25741 | |
| 856 | 4 | |u https://media.diba.cat/diba/fitxers/arxiu/fulletons/bib_11937_1915_baixa.pdf |y Accés lliure | |
| 856 | 4 | |u https://media.diba.cat/diba/fitxers/arxiu/fulletons/bib_11937_1915_baixa.pdf |y Accés lliure | |
| 901 | |a Arxiu | ||
| 942 | |n 1 |2 udc | ||
| 952 | |0 0 |1 0 |4 0 |6 RF838 |7 1 |9 54875 |a Arxiu |b Arxiu |d 2016-12-01 |l 0 |o RF-8-38 |p 11937 |r 2016-12-01 00:00:00 |w 2016-12-01 |y ARXIU | ||
| 999 | |c 58745 |d 58745 | ||
| 900 | |a bib_11937_1915_baixa.pdf | ||